An introduction to the New Testament, (Record no. 7057)
[ view plain ]
| 000 -LEADER | |
|---|---|
| fixed length control field | 00698nam a2200229Ii 4500 |
| 001 - CONTROL NUMBER | |
| control field | 5152136 |
| 003 - CONTROL NUMBER IDENTIFIER | |
| control field | OSt |
| 005 - DATE AND TIME OF LATEST TRANSACTION | |
| control field | 20190122172413.0 |
| 008 - FIXED-LENGTH DATA ELEMENTS--GENERAL INFORMATION | |
| fixed length control field | 790710s1943 inua 00010 eng |
| 010 ## - LIBRARY OF CONGRESS CONTROL NUMBER | |
| LC control number | 43015111 |
| 040 ## - CATALOGING SOURCE | |
| Original cataloging agency | DLC |
| Transcribing agency | ECO |
| Modifying agency | m.c. |
| -- | CIN |
| 050 0# - LIBRARY OF CONGRESS CALL NUMBER | |
| Classification number | BS2330 |
| Item number | .M5 |
| 082 ## - DEWEY DECIMAL CLASSIFICATION NUMBER | |
| Classification number | 225.6 |
| Item number | M647I |
| 100 10 - MAIN ENTRY--PERSONAL NAME | |
| Personal name | Miller, Adam William, |
| Dates associated with a name | 1896- |
| 245 13 - TITLE STATEMENT | |
| Title | An introduction to the New Testament, |
| Statement of responsibility, etc. | by Adam W. Miller |
| 260 0# - PUBLICATION, DISTRIBUTION, ETC. | |
| Place of publication, distribution, etc. | Anderson, Ind., |
| Name of publisher, distributor, etc. | Gospel trumpet company |
| Date of publication, distribution, etc. | [c1943] |
| 300 ## - PHYSICAL DESCRIPTION | |
| Extent | vi p., l ℓ., 9-355 p. |
| Other physical details | diagr. |
| Dimensions | 21 cm |
| 504 ## - BIBLIOGRAPHY, ETC. NOTE | |
| Bibliography, etc. note | Bibliography: p. 343-350 |
| 630 00 - SUBJECT ADDED ENTRY--UNIFORM TITLE | |
| Uniform title | Bible. |
| Name of part/section of a work | New Testament |
| General subdivision | Introductions |
| 630 00 - SUBJECT ADDED ENTRY--UNIFORM TITLE | |
| Uniform title | Bible. |
| Name of part/section of a work | New Testament |
| General subdivision | Introductions |
| 942 ## - ADDED ENTRY ELEMENTS (KOHA) | |
| Source of classification or shelving scheme | Dewey Decimal Classification |
| Koha item type | Books |
| Withdrawn status | Lost status | Source of classification or shelving scheme | Damaged status | Not for loan | Collection code | Home library | Current library | Shelving location | Date acquired | Cost, normal purchase price | Total Checkouts | Full call number | Barcode | Date last seen | Price effective from | Koha item type |
|---|---|---|---|---|---|---|---|---|---|---|---|---|---|---|---|---|
| Dewey Decimal Classification | Non-fiction | Harvest Mission College | Harvest Mission College | General Stacks | 22.01.2019 | 800.00 | 225.6 M647I | 008042 | 22.01.2019 | 22.01.2019 | Books |
